[Event "Maastricht Limburg op-C 8th"]
[Site "Maastricht"]
[Date "2014.06.08"]
[Round "5"]
[White "Olmos Sanz, Francisco J"]
[Black "Weidema, Luuk"]
[Result "1-0"]
[WhiteElo "1655"]
[BlackElo "1189"]
[PlyCount "89"]
[EventDate "2014.06.06"]
[EventType "swiss"]
[EventRounds "7"]
[EventCountry "NED"]
[SourceTitle "EXT 2015"]
[Source "ChessBase"]
[SourceDate "2014.11.20"]
[SourceVersion "1"]
[SourceVersionDate "2014.11.20"]
[SourceQuality "1"]

1. c4 Nf6 2. Nc3 e6 3. Nf3 b6 4. e3 Ba6 5. Be2 Bd6 6. d4 c6 7. e4 Bb4 8. Qc2 d5 9. cxd5 Bxc3+ 10. bxc3 Bxe2 11. Qxe2 cxd5 12. e5 Nfd7 13. Bg5 Qc7 14. 0-0 Qxc3 15. Rfc1 Qxc1+ 16. Rxc1 0-0 17. Ne1 h6 18. Be7 Re8 19. Bd6 a5 20. Qb5 Ra7 21. a4 Rd8 22. Rc7 Rxc7 23. Bxc7 Rc8 24. Bxb8 Nxb8 25. Qxb6 Nc6 26. Qb7 Ne7 27. Qxe7 Rc4 28. Kf1 Rxd4 29. Qe8+ Kh7 30. Qxf7 Rxa4 31. Qxe6 Rd4 32. Qf5+ g6 33. Qf7+ Kh8 34. e6 Re4 35. e7 d4 36. e8R+ Rxe8 37. Qxe8+ Kg7 38. Qe5+ Kh7 39. Qxd4 h5 40. Nf3 Kh6 41. Qf4+ Kg7 42. Ng5 a4 43. Ne6+ Kh7 44. Qf7+ Kh6 45. Qg7# 1-0

[Event "Maastricht Limburg op-B 5th"]
[Site "Maastricht"]
[Date "2011.06.13"]
[Round "6"]
[White "Lemmen, Raoul"]
[Black "Olmos Sanz, Francisco J"]
[Result "1-0"]
[WhiteElo "1855"]
[BlackElo "1761"]
[PlyCount "93"]
[EventDate "2011.06.10"]
[EventType "swiss"]
[EventRounds "7"]
[EventCountry "NED"]
[SourceTitle "EXT 2012"]
[Source "ChessBase"]
[SourceDate "2011.11.24"]
[SourceVersion "1"]
[SourceVersionDate "2011.11.24"]
[SourceQuality "1"]

1. e4 c5 2. d4 cxd4 3. c3 dxc3 4. Nxc3 e6 5. Nf3 Nc6 6. Bb5 a6 7. Ba4 Bc5 8. 0-0 Nge7 9. Bg5 Qc7 10. Rc1 Ba7 11. Nd5 Nxd5 12. exd5 0-0 13. dxc6 bxc6 14. Qd2 f6 15. Be3 c5 16. Rfd1 d5 17. Bxc5 Bxc5 18. b4 Bxb4 19. Rxc7 Bxd2 20. Rxd2 a5 21. h4 Ba6 22. Bd7 Bc8 23. Rdc2 Bxd7 24. Rxd7 Rf7 25. Rcc7 Rxd7 26. Rxd7 g6 27. Nd4 e5 28. Nc6 d4 29. Ra7 Rxa7 30. Nxa7 Kf7 31. Kf1 Ke6 32. Ke2 Kd5 33. f3 f5 34. Nc8 Kc4 35. Kd2 Kb4 36. h5 e4 37. hxg6 hxg6 38. Ne7 Kc4 39. Nxg6 e3+ 40. Ke2 Kc3 41. Nf4 Kc4 42. g4 fxg4 43. fxg4 Kc3 44. g5 Kb2 45. a4 Kb3 46. g6 Kxa4 47. g7 1-0